000 00451nam a2200181Ia 4500
001 23402
005 20260414150935.0
008 260414t1999||||xx |||||||||||||| ||spa||
041 _aESP
082 _a641.01
_bK24
100 _aKass, León R.
_eAUT
245 4 _aThe hungry soul :
_beating and the perfecting of our nature
260 _c1999
300 _a248 páginas :
_c23 cm.
650 _aCIS
654 _aCAN
942 _cLIB
_dJUS
_fJUS
_2ddc
_n
999 _c23402
_d23402